Central Library OPAC University of Rajshahi

The Christian church and rural India / (Record no. 74493)

MARC details
000 -LEADER
fixed length control field 00840nam a2200241 a 4500
001 - CONTROL NUMBER
control field 74493
003 - CONTROL NUMBER IDENTIFIER
rucl marc code BD-RjUL
005 - DATE AND TIME OF LATEST TRANSACTION
control field 20211209082547.0
008 - FIXED-LENGTH DATA ELEMENTS--GENERAL INFORMATION
fixed length control field 181008s1938 ii 000 0 eng
035 ## - SYSTEM CONTROL NUMBER
System control number (BD-RjUL)74711
040 ## - CATALOGING SOURCE
Original cataloging agency DLC
Transcribing agency CarP
Modifying agency DLC
-- BD-RjUL
Language of cataloging eng
041 ## - LANGUAGE CODE
Language code of text/sound track or separate title eng
082 ## - DEWEY DECIMAL CLASSIFICATION NUMBER
Edition number 23
Classification number 266
Author mark and year LAC 1938
100 ## - MAIN ENTRY--PERSONAL NAME
Personal name Lapp, George Jay,
9 (RLIN) 223449
245 14 - TITLE STATEMENT
Title The Christian church and rural India /
Statement of responsibility, etc. compiled and written by George Jay Lapp and revised with the assistance of Christian rural welfare experts throughout India.
260 ## - PUBLICATION, DISTRIBUTION, ETC. (IMPRINT)
Place of publication, distribution, etc. Calcutta :
Name of publisher, distributor, etc. Y. M. C. A. publishing house,
Date of publication, distribution, etc. 1938.
300 ## - PHYSICAL DESCRIPTION
Pagination vii .,1 l., 172 p. :
Size 19 cm.
650 #0 - SUBJECT ADDED ENTRY--TOPICAL TERM
Topical term or geographic name as entry element Missions
Geographic subdivision India.
9 (RLIN) 223438
Topical term or geographic name as entry element Rural churches
Geographic subdivision India.
9 (RLIN) 223439
Topical term or geographic name as entry element Church and social problems
Geographic subdivision India.
9 (RLIN) 223440
942 ## - ADDED ENTRY ELEMENTS (KOHA)
Source of classification or shelving scheme Dewey Decimal Classification
Koha item type Books
Holdings
Lost status Source of classification or shelving scheme Damaged status Not for loan Collection code Permanent Location Current Location Shelving location Date acquired Source of acquisition Total Checkouts Full call number Date last seen Copy number Koha item type
  Dewey Decimal Classification   Not For Loan Non-fiction Central Library, University of Rajshahi Central Library, University of Rajshahi Reading Room 18/03/1969 Zeitlinger   266 LAC 1938 09/10/2018 C-1 Books